000 00758nam a22002057a 4500
008 161010b xxu||||| |||| 00| 0 eng d
020 _a9781416606093
050 _aLB 1025.3 .S548 2007
100 _aSilver, Harvey F.
245 _aThe Strategic Teacher:
_bselecting the best research-based strategy/
_cHarvey F. Silver, Richard W. Strong, and Matthew J. Perini
260 _aUpper Saddle River, NJ:
_bPearson,
_c2007
300 _axii, 272p. :
_bill. ;
500 _aIncludes bibliographical references and index.
650 _aEffective teaching
650 _aLearning, psychology of.
650 _aLesson planning.
700 _aStrong, Richard W.
700 _aPerini, Matthew J.
942 _2lcc
_cBOOKS
_hLB 1025.3 .S548 2007
999 _c14898
_d14898